Detalles MARC
| 000 -CABECERA |
| campo de control de longitud fija |
00978nam a2200205 a 4500 |
| 001 - NÚMERO DE CONTROL |
| campo de control |
000038676 |
| 005 - FECHA Y HORA DE LA ÚLTIMA TRANSACCIÓN |
| campo de control |
20240415140330.0 |
| 008 - DATOS DE LONGITUD FIJA--INFORMACIÓN GENERAL |
| campo de control de longitud fija |
130417s2012 dr a 000 0 spa d |
| 040 ## - FUENTE DE LA CATALOGACIÓN |
| Centro catalogador/agencia de origen |
DO-SdBNP |
| Lengua de catalogación |
spa |
| Centro/agencia transcriptor |
BNPHU |
| 082 ## - NÚMERO DE LA CLASIFICACIÓN DECIMAL DEWEY |
| Número de clasificación |
352 |
| Número de documento/Ítem |
R426c |
| 110 1# - ENTRADA PRINCIPAL--NOMBRE DE ENTIDAD CORPORATIVA |
| Nombre de entidad corporativa o nombre de jurisdicción como elemento de entrada |
Presidencia de la República. |
| Unidad subordinada |
Ministerio de Administración Pública. |
| 9 (RLIN) |
64994 |
| 245 10 - MENCIÓN DE TÍTULO |
| Título |
Compendio de las cartas iberoamericanas. |
| 260 ## - PUBLICACIÓN, DISTRIBUCIÓN, ETC. |
| Lugar de publicación, distribución, etc. |
Santo Domingo : |
| Nombre del editor, distribuidor, etc. |
Ministerio de Administración Pública (MAP), |
| Fecha de publicación, distribución, etc. |
2012. |
| 300 ## - DESCRIPCIÓN FÍSICA |
| Extensión |
118 p. : |
| Otras características físicas |
il. ; |
| Dimensiones |
29 cm. |
| 505 0# - NOTA DE CONTENIDO CON FORMATO |
| Información miscelánea |
Presentación -- |
| Título |
Carta iberoamericana de función pública -- |
| -- |
Carta iberoamericana de buen gobierno -- |
| -- |
Carta iberoamericana de gobierno electrónico -- |
| -- |
Carta iberoamericana de calidad en la gestión pública -- |
| -- |
Carta iberoamericana de participación ciudadana en la gestión pública. |
| 590 ## - NOTA LOCAL (RLIN) |
| Nota local |
Inventariado,2018/DG |
| 650 #4 - PUNTO DE ACCESO ADICIONAL DE MATERIA--TÉRMINO DE MATERIA |
| Término de materia o nombre geográfico como elemento de entrada |
Función pública |
| 9 (RLIN) |
659 |
| 650 #0 - PUNTO DE ACCESO ADICIONAL DE MATERIA--TÉRMINO DE MATERIA |
| Término de materia o nombre geográfico como elemento de entrada |
Administración pública |
| 9 (RLIN) |
9266 |
| 910 ## - DATOS DE OPCIÓN DEL USUARIO (OCLC) |
| Datos de opción del usuario |
Validado. Control de calidad EMS |